| 000 | 00838nam a2200313 a 4500 | ||
|---|---|---|---|
| 003 | AR-BaBNM | ||
| 005 | 20251128203232.0 | ||
| 008 | 082120s2002 ||||||||||||||000 | spa|| | ||
| 040 | _cAR-BaBNM | ||
| 100 | 1 | _aOrdaz, Luis | |
| 245 | 0 | 0 |
_aBreve historia del teatro argentino _bde la revolución a Caseros _n1 |
| 260 |
_aBuenos Aires _bEudeba _c1962 |
||
| 300 |
_a139 p. _bil. |
||
| 490 | 0 |
_aSerie del siglo y medio _vv. 36 |
|
| 650 | 4 | _aLITERATURA ARGENTINA | |
| 650 | 4 | _aSOCIOLOGIA CULTURAL | |
| 650 | 4 | _aHISTORIA LITERARIA | |
| 650 | 4 | _aTEATRO | |
| 650 | 4 | _aARTES ESCENICAS | |
| 650 | 4 | _aTEATRO POPULAR | |
| 650 | 4 | _aVIDA SOCIAL | |
| 650 | 4 | _aCRITICA LITERARIA | |
| 650 | 4 | _aSIGLO DIECINUEVE | |
| 650 | 4 | _aREVOLUCION DE MAYO | |
| 650 | 4 | _aROSAS Y SU TIEMPO | |
| 655 | _aLITERATURA | ||
| 942 | _cBK | ||
| 998 | _cMARTIN | ||
| 999 |
_c2519 _d2519 |
||